Reviczky Gyula
Elmentve itt :
| Szerző: | |
|---|---|
| További közreműködők: | |
| Dokumentumtípus: | Szakdolgozat |
| Megjelent: |
1943
|
| Tárgyszavak: | |
| Online Access: | http://diploma.bibl.u-szeged.hu/84141 |
| LEADER | 00513nta a2200157 i 4500 | ||
|---|---|---|---|
| 001 | dipl84141 | ||
| 005 | 20200123103658.0 | ||
| 008 | 200123s1943 hu om 0|| zxx d | ||
| 040 | |a SZTE Diploma Repozitórium |b hun | ||
| 041 | |a zxx | ||
| 100 | 1 | |a Faragó Márta | |
| 245 | 1 | 0 | |a Reviczky Gyula |h [elektronikus dokumentum] / |c Márta Faragó |
| 260 | |c 1943 | ||
| 650 | 4 | |a Bölcsészettudományok | |
| 700 | 1 | |a Brisits Frigyes |e ths | |
| 856 | 4 | 0 | |u http://diploma.bibl.u-szeged.hu/id/eprint/84141/1/1943_farago_marta.pdf |z Dokumentum-elérés |